| 000 | 01236nam a2200289Ia 4500 | ||
|---|---|---|---|
| 001 | ebr10072037 | ||
| 003 | CaPaEBR | ||
| 006 | m u | ||
| 007 | cr cn||||||||| | ||
| 008 | 050321s1995 dcua sb f000 0 eng d | ||
| 040 |
_aCaPaEBR _cCaPaEBR |
||
| 035 | _a(OCoLC)567836164 | ||
| 050 | 1 | 4 |
_aTD898.14.I57 _bU8 1995eb |
| 245 | 0 | 0 |
_aU.S.-German cooperation in the elimination of excess weapons plutonium _h[electronic resource] / _cGerman-American Academic Council and National Academy of Sciences. |
| 260 |
_aWashington, D.C. : _bNational Academy Press, _c1995. |
||
| 300 |
_axiv, 76 p. : _bill. |
||
| 504 | _aIncludes bibliographical references. | ||
| 533 |
_aElectronic reproduction. _bPalo Alto, Calif. : _cebrary, _d2009. _nAvailable via World Wide Web. _nAccess may be limited to ebrary affiliated libraries. |
||
| 650 | 0 | _aRadioactive waste disposal. | |
| 650 | 0 | _aPlutonium. | |
| 650 | 0 | _aDisarmament. | |
| 655 | 7 |
_aElectronic books. _2local |
|
| 710 | 2 | _aGerman-American Academic Council Foundation. | |
| 710 | 2 | _aNational Academy of Sciences (U.S.) | |
| 710 | 2 | _aebrary, Inc. | |
| 856 | 4 | 0 |
_uhttp://site.ebrary.com/lib/rucke/Doc?id=10072037 _zAn electronic book accessible through the World Wide Web; click to view |
| 999 |
_c33648 _d33648 |
||